000 00336nam a2200145Ia 4500
100 _aRabiner/lawrence/ Gold/ B.
942 _cBK
654 _aDSP
245 _aTheory and application of Digital signal processing
260 _bPrentice Hall
_c2005
082 _a621.3822
_bRAB
300 _a762
546 _aENGLISH
999 _c19777
_d19777